Connais-tu vraiment la France ? - Statistiques

Statistiques générales
  • Ce quiz a été pris 65 fois
    38 depuis la dernière actualisation
  • Le résultat moyen est 7 sur 10
Statistiques - réponses
Question Réponse % Correct
Quel est le point culminant de la France métropolitaine ? Mont Blanc
97%
Quelle est la seule région française qui est une île dans la Méditerranée et qui a un statut particulier ? Corse
94%
Quelle est la ville française la plus peuplée après Paris ? Marseille
91%
Quel fleuve français est le plus long, traversant plusieurs régions avant de se jeter dans l'Atlantique ? Loire
89%
Combien de départements compte la France en comptant les DOM-TOM (départements et régions d'outre-mer) ? 101
86%
Quelle ville française est surnommée 'La Ville Rose' en raison de la couleur de ses briques ? Toulouse
86%
Quelle est la région française la plus grande par superficie, couvrant plus de 84 000 km² ? Nouvelle Aquitaine
69%
Par combien de pays la France partage-t-elle une frontière terrestre en comptant les territoires d'outre-mer ? 11
54%
Quel est le département français le plus peuplé hors Paris ? Nord
51%
Quelle est la forêt la plus grande de France métropolitaine, située en Île-de-France ? Forêt d'Orléans
6%
Aucun quiz correspondant
Distribution des résultats
% des personnes avec chaque résultat
Percentile par nombre de réponses
Votre historique - résultats
Vous n’avez pas pris ce quiz depuis la dernière actualisation